[Event "ESP-chT CECLUB Sur Div 1"]
[Site "Burguillos"]
[Date "2007.08.25"]
[Round "5"]
[White "Oussama, Omar"]
[Black "Recuero Guerra, David"]
[Result "0-1"]
[WhiteElo "2330"]
[BlackElo "2378"]
[PlyCount "66"]
[EventDate "2007.08.22"]
[EventType "team"]
[EventRounds "6"]
[EventCountry "ESP"]
[SourceTitle "CBM 119 Extra"]
[Source "ChessBase"]
[SourceDate "2007.09.04"]
[SourceVersion "1"]
[SourceVersionDate "2007.09.04"]
[SourceQuality "1"]

1. c4 e5 2. g3 Nf6 3. Bg2 h6 4. e3 d5 5. cxd5 Nxd5 6. a3 Be7 7. d4 exd4 8. Qxd4 Be6 9. Ne2 Bf6 10. Qa4+ c6 11. 0-0 0-0 12. Qc2 Nd7 13. Rd1 Qe7 14. e4 N5b6 15. Nbc3 Nc5 16. Re1 Bb3 17. Qb1 Nc4 18. f4 Rad8 19. e5 Nd3 20. Rf1 Qc5+ 21. Kh1 Be7 22. h3 f5 23. exf6 Bxf6 24. Ne4 Qb6 25. Kh2 Bxb2 26. Bxb2 Ncxb2 27. f5 Bd5 28. N2c3 Qd4 29. Qc2 Nc4 30. Rad1 Bf7 31. Nf2 Ne3 32. Rxd3 Nxc2 33. Rxd4 Rxd4 0-1

[Event "Ibiza"]
[Site "Ibiza"]
[Date "2006.11.18"]
[Round "8.4"]
[White "Oussama, Omar"]
[Black "Movsziszian, Karen"]
[Result "1-0"]
[WhiteElo "2299"]
[BlackElo "2456"]
[PlyCount "96"]
[EventDate "2006.11.13"]
[EventType "tourn"]
[EventRounds "9"]
[EventCountry "ESP"]
[EventCategory "6"]
[SourceTitle "EXT 2007"]
[Source "ChessBase"]
[SourceDate "2006.11.23"]
[SourceVersion "1"]
[SourceVersionDate "2006.11.23"]
[SourceQuality "1"]

1. c4 g6 2. g3 Bg7 3. Bg2 d6 4. Nc3 e5 5. e3 f5 6. Nge2 Nf6 7. 0-0 0-0 8. d3 c6 9. e4 Na6 10. exf5 Bxf5 11. Ne4 Nc5 12. N2c3 Qd7 13. b4 Ncxe4 14. Nxe4 a5 15. Qb3 axb4 16. Qxb4 Nxe4 17. dxe4 Be6 18. Bg5 Qf7 19. Rac1 Rxa2 20. Qxd6 Bxc4 21. Rxc4 Qxc4 22. Bh3 Re8 23. Bd7 Raa8 24. Bxe8 Rxe8 25. Rb1 Qf7 26. Qb4 b5 27. Qc5 Qe6 28. Ra1 Bf8 29. Qb6 h6 30. Be3 b4 31. Bc5 Bxc5 32. Qxc5 Rb8 33. Qa7 Qe8 34. Qc7 Ra8 35. Rxa8 Qxa8 36. Qxe5 Qb7 37. Qf6 Kh7 38. h4 h5 39. e5 b3 40. e6 b2 41. e7 b1Q+ 42. Kh2 Qe1 43. Qf7+ Kh6 44. e8Q Qxe8 45. Qxe8 Qc7 46. Qe4 c5 47. Qc4 Qd6 48. Kg2 Qf6 1-0

[Event "Ibiza"]
[Site "Ibiza"]
[Date "2006.11.13"]
[Round "1.3"]
[White "Oussama, Omar"]
[Black "Borges Matos, Juan R"]
[Result "0-1"]
[WhiteElo "2299"]
[BlackElo "2431"]
[PlyCount "116"]
[EventDate "2006.11.13"]
[EventType "tourn"]
[EventRounds "9"]
[EventCountry "ESP"]
[EventCategory "6"]
[SourceTitle "EXT 2007"]
[Source "ChessBase"]
[SourceDate "2006.11.23"]
[SourceVersion "1"]
[SourceVersionDate "2006.11.23"]
[SourceQuality "1"]

1. c4 c6 2. g3 d5 3. Bg2 Nf6 4. Nf3 g6 5. b3 d4 6. d3 Bg7 7. 0-0 0-0 8. b4 Re8 9. Nbd2 e5 10. Rb1 a5 11. b5 c5 12. Ba3 Nbd7 13. Ng5 Bf8 14. Nge4 Nxe4 15. Bxe4 Rb8 16. Bg2 b6 17. e4 Nf6 18. Bc1 Bg4 19. f3 Be6 20. f4 exf4 21. gxf4 Bc8 22. e5 Ng4 23. Ne4 Be7 24. Ng3 Bf8 25. Rb2 Nxh2 26. Nh5 Bg4 27. Nf6+ Qxf6 28. exf6 Bxd1 29. Rxd1 Ng4 30. Bc6 Red8 31. f5 Ne3 32. Bxe3 dxe3 33. fxg6 hxg6 34. Bd5 Rd6 35. Rf1 Re8 36. Rg2 e2 37. Re1 Rxf6 38. Rexe2 Rd8 39. Ref2 Rdd6 40. Re2 Bh6 41. Rh2 Kg7 42. Re7 Rf5 43. Rf2 Bf4 44. Kf1 g5 45. Be4 Re5 46. Rb7 Kf8 47. Re2 Rf6 48. Kg1 Rfe6 49. Kf1 f5 50. Bf3 Rxe2 51. Bxe2 g4 52. Rd7 Rd6 53. Rc7 Rh6 54. Rc8+ Ke7 55. Kg1 Be5 56. Rg8 Kf7 57. Rg5 Kf6 58. Rg8 Rh2 0-1

[Event "Balaguer op 11th"]
[Site "Balaguer"]
[Date "2006.07.25"]
[Round "9"]
[White "Oussama, Omar"]
[Black "Roeder, Mathias"]
[Result "0-1"]
[WhiteElo "2292"]
[BlackElo "2423"]
[PlyCount "68"]
[EventDate "2006.07.17"]
[EventType "swiss"]
[EventRounds "10"]
[EventCountry "ESP"]
[SourceTitle "CBM 113 Extra"]
[Source "ChessBase"]
[SourceDate "2006.09.14"]
[SourceVersion "1"]
[SourceVersionDate "2006.09.14"]
[SourceQuality "1"]

1. c4 Nf6 2. Nc3 c5 3. g3 e6 4. Bg2 d5 5. d3 d4 6. Nb1 Nc6 7. a3 a5 8. Nf3 e5 9. 0-0 h6 10. e4 g5 11. Ne1 Bd6 12. b3 Bg4 13. Bf3 Be6 14. Ra2 Qd7 15. Bg2 a4 16. bxa4 Nd8 17. Rb2 Qxa4 18. Qxa4+ Rxa4 19. f4 gxf4 20. gxf4 exf4 21. Bxf4 Bxf4 22. Rxf4 Nd7 23. Nf3 Ke7 24. Rh4 b6 25. Bh3 Nc6 26. Bxe6 fxe6 27. Rh3 Kd6 28. Kf1 Ra6 29. Rg2 Nce5 30. Nxe5 Nxe5 31. Ke2 b5 32. cxb5 Ra5 33. Nd2 Rxb5 34. Rg1 Rb2 0-1

[Event "Balaguer op 11th"]
[Site "Balaguer"]
[Date "2006.07.22"]
[Round "6"]
[White "Mamedov, Nidjat"]
[Black "Oussama, Omar"]
[Result "1-0"]
[WhiteElo "2521"]
[BlackElo "2292"]
[PlyCount "83"]
[EventDate "2006.07.17"]
[EventType "swiss"]
[EventRounds "10"]
[EventCountry "ESP"]
[SourceTitle "CBM 113 Extra"]
[Source "ChessBase"]
[SourceDate "2006.09.14"]
[SourceVersion "1"]
[SourceVersionDate "2006.09.14"]
[SourceQuality "1"]

1. e4 c5 2. Nf3 Nc6 3. Bb5 e6 4. Bxc6 bxc6 5. 0-0 d6 6. e5 d5 7. d3 Ne7 8. Re1 Ng6 9. b3 Be7 10. Bb2 0-0 11. Nc3 Rb8 12. Na4 f6 13. c4 Rf7 14. Rc1 d4 15. Ba3 Qf8 16. Qd2 fxe5 17. Nxe5 Rf5 18. Nxg6 hxg6 19. Qe2 Bd6 20. f3 Bd7 21. Rc2 Qf6 22. Qf2 Rf8 23. Re4 Rh5 24. h3 Qe7 25. Rce2 Qg5 26. Rg4 Qf6 27. Ree4 e5 28. Bxc5 Bxg4 29. hxg4 Rh7 30. Qe1 g5 31. Qg3 Bxc5 32. Nxc5 Qh6 33. Kf2 Rf4 34. Rxe5 Qd6 35. Rxg5 Rh1 36. Rh5 Ra1 37. Qh4 Kf7 38. Rh8 Rf6 39. Qh5+ Rg6 40. Qf5+ Rf6 41. Ne4 Qc7 42. Qxf6+ 1-0

[Event "Balaguer op 11th"]
[Site "Balaguer"]
[Date "2006.07.20"]
[Round "4"]
[White "Zambrana, Oswaldo"]
[Black "Oussama, Omar"]
[Result "1-0"]
[WhiteElo "2429"]
[BlackElo "2292"]
[PlyCount "63"]
[EventDate "2006.07.17"]
[EventType "swiss"]
[EventRounds "10"]
[EventCountry "ESP"]
[SourceTitle "CBM 113 Extra"]
[Source "ChessBase"]
[SourceDate "2006.09.14"]
[SourceVersion "1"]
[SourceVersionDate "2006.09.14"]
[SourceQuality "1"]

1. e4 c5 2. Nf3 Nc6 3. d4 cxd4 4. Nxd4 Nf6 5. Nc3 e5 6. Ndb5 d6 7. Bg5 a6 8. Na3 b5 9. Nd5 Be7 10. Bxf6 Bxf6 11. c3 Ne7 12. Nxf6+ gxf6 13. Qf3 f5 14. exf5 Bxf5 15. Bd3 Be6 16. Nc2 0-0 17. a4 f5 18. Qg3+ Kh8 19. axb5 axb5 20. 0-0 Ng6 21. Rxa8 Qxa8 22. Ra1 Qb7 23. Bf1 Nf4 24. Qh4 Qe4 25. Qh6 Rg8 26. Ne3 Rg6 27. Qf8+ Bg8 28. g3 Qf3 29. Ra6 Rg7 30. Qf6 Ne2+ 31. Bxe2 Qxe2 32. Ra7 1-0

[Event "Balaguer op"]
[Site "Balaguer"]
[Date "2003.07.19"]
[Round "5"]
[White "Ramon Ortiga, Francisco"]
[Black "Oussama, Omar"]
[Result "0-1"]
[WhiteElo "1988"]
[BlackElo "2202"]
[PlyCount "54"]
[EventDate "2003.07.14"]
[EventType "swiss"]
[EventRounds "9"]
[EventCountry "ESP"]
[SourceTitle "CBM 095 Extra"]
[Source "ChessBase"]
[SourceDate "2003.09.04"]
[SourceVersion "1"]
[SourceVersionDate "2003.09.04"]
[SourceQuality "1"]

1. e4 c5 2. Nf3 Nc6 3. Bb5 g6 4. 0-0 Bg7 5. Re1 e5 6. Bxc6 dxc6 7. d3 f6 8. c3 Nh6 9. h3 Nf7 10. Be3 b6 11. Na3 0-0 12. Qc2 f5 13. Rad1 f4 14. Bc1 Ng5 15. Qe2 Nxf3+ 16. Qxf3 Qh4 17. g3 Qxh3 18. Qg2 Qh5 19. gxf4 exf4 20. d4 Bh3 21. Qh2 Qg4+ 22. Kh1 Qf3+ 23. Kg1 cxd4 24. cxd4 Rad8 25. Nc2 c5 26. d5 Be5 27. Na3 Qg4+ 0-1

[Event "Balaguer op"]
[Site "Balaguer"]
[Date "2001.??.??"]
[Round "6"]
[White "Braga, Fernando Alberto"]
[Black "Oussama, Omar"]
[Result "1/2-1/2"]
[WhiteElo "2431"]
[BlackElo "2222"]
[PlyCount "77"]
[EventDate "2001.??.??"]
[EventType "swiss"]
[EventRounds "9"]
[EventCountry "ESP"]
[SourceTitle "EXT 2002"]
[Source "ChessBase"]
[SourceDate "2001.11.25"]
[SourceVersion "1"]
[SourceVersionDate "2001.11.25"]
[SourceQuality "1"]

1. c4 c5 2. Nf3 g6 3. g3 Bg7 4. Bg2 Nc6 5. 0-0 e6 6. Nc3 Nge7 7. d3 0-0 8. Rb1 d6 9. a3 Rb8 10. Bd2 a6 11. b4 cxb4 12. axb4 b5 13. cxb5 axb5 14. Qc1 Qb6 15. Be3 Qd8 16. Bh6 Qb6 17. Bxg7 Kxg7 18. Ne4 Rd8 19. Qb2+ e5 20. Rfd1 f6 21. d4 Bf5 22. dxe5 dxe5 23. Ne1 Rd4 24. Rxd4 Qxd4 25. Nc5 Qxb2 26. Rxb2 Rd8 27. f4 Rd1 28. Kf2 Rb1 29. Rxb1 Bxb1 30. Ned3 Bxd3 31. Nxd3 exf4 32. gxf4 f5 33. Ke3 Kf6 34. Kd2 Ke6 35. e3 Nd5 36. Nc5+ Kd6 37. Nb7+ Ke6 38. Nc5+ Kd6 39. Nb7+ 1/2-1/2

[Event "Catalunya-chT"]
[Site "Spain"]
[Date "1999.??.??"]
[Round "3"]
[White "Movsziszian, Karen"]
[Black "Oussama, Omar"]
[Result "1/2-1/2"]
[WhiteElo "2500"]
[BlackElo "2300"]
[PlyCount "98"]
[EventDate "1999.??.??"]
[EventType "team"]
[EventRounds "9"]
[EventCountry "ESP"]
[SourceTitle "EXT 2000"]
[Source "ChessBase"]
[SourceDate "1999.11.16"]
[SourceVersion "1"]
[SourceVersionDate "1999.11.16"]
[SourceQuality "1"]

1. g3 d5 2. Bg2 Nf6 3. Nf3 Bg4 4. 0-0 e6 5. d3 Bd6 6. Nbd2 0-0 7. e4 Nbd7 8. h3 Bh5 9. Qe2 dxe4 10. dxe4 e5 11. Rd1 Qe7 12. g4 Bg6 13. Nh4 Nc5 14. Nf5 Qe6 15. a4 Rfd8 16. b4 Ncd7 17. c3 a5 18. Nc4 axb4 19. Ncxd6 cxd6 20. cxb4 Bxf5 21. exf5 Qb3 22. g5 Ne8 23. Bxb7 Rxa4 24. Bd5 Qxb4 25. Bd2 Qh4 26. Rxa4 Qxa4 27. Qh5 Kh8 28. Bxf7 Nf8 29. Rc1 d5 30. Bxd5 Qd7 31. Qf7 Qxf7 32. Bxf7 Nd6 33. Be6 Nxf5 34. Ba5 Nd4 35. Bxd8 Ne2+ 36. Kf1 Nxc1 37. Bc4 e4 38. Bd5 Nd3 39. Bxe4 Nf4 40. h4 Kg8 41. Bc7 N8e6 42. Bd6 Kf7 43. f3 Ng6 44. Bg3 Nef4 45. Be1 Ne5 46. Kg1 h6 47. gxh6 gxh6 48. Bd2 Neg6 49. Kf2 Nh5 1/2-1/2

[Event "Catalunya-chT"]
[Site "Spain"]
[Date "1999.??.??"]
[Round "1"]
[White "Oussama, Omar"]
[Black "Russek Libni, Guil"]
[Result "0-1"]
[WhiteElo "2300"]
[BlackElo "2395"]
[PlyCount "64"]
[EventDate "1999.??.??"]
[EventType "team"]
[EventRounds "9"]
[EventCountry "ESP"]
[SourceTitle "EXT 2000"]
[Source "ChessBase"]
[SourceDate "1999.11.16"]
[SourceVersion "1"]
[SourceVersionDate "1999.11.16"]
[SourceQuality "1"]

1. e4 e6 2. d4 d5 3. Nd2 c5 4. exd5 exd5 5. Ngf3 Nf6 6. Bb5+ Bd7 7. Qe2+ Be7 8. 0-0 0-0 9. dxc5 Re8 10. Nb3 Bxc5 11. Qd3 a6 12. Bxd7 Nbxd7 13. Bg5 Ba7 14. Rad1 Qc7 15. c3 Re4 16. Bh4 Rae8 17. Bg3 Qb6 18. Rd2 h6 19. Nbd4 g6 20. Ne2 Qa5 21. b4 Qa4 22. Kh1 a5 23. Nf4 axb4 24. Nxd5 Nxd5 25. Qxd5 bxc3 26. Rd3 c2 27. Rc3 Nf6 28. Qxb7 Qxa2 29. Qc6 Qb1 30. Kg1 R4e6 31. Qc4 Re2 32. Ne5 R8xe5 0-1

[Event "ESP-ch U20"]
[Site "Spain"]
[Date "1998.??.??"]
[Round "9"]
[White "Fernandez Romero, Ernesto"]
[Black "Oussama, Omar"]
[Result "0-1"]
[WhiteElo "2115"]
[BlackElo "2195"]
[PlyCount "72"]
[EventDate "1998.??.??"]
[EventType "swiss"]
[EventRounds "9"]
[EventCountry "ESP"]
[SourceTitle "EXT 2003"]
[Source "ChessBase"]
[SourceDate "2002.11.25"]
[SourceVersion "1"]
[SourceVersionDate "2002.11.25"]
[SourceQuality "1"]

1. e4 c5 2. Nf3 Nc6 3. Bb5 g6 4. Bxc6 dxc6 5. d3 Bg7 6. Nc3 e5 7. Be3 b6 8. Qd2 f6 9. 0-0-0 Be6 10. h3 Qd7 11. Kb1 0-0-0 12. g4 h5 13. Nh4 hxg4 14. hxg4 Bxg4 15. Nxg6 Bxd1 16. Nxh8 Bf3 17. Rh4 Ne7 18. Nf7 Ng6 19. Rh7 Qxf7 20. Bh6 Rg8 21. Qe3 Nh4 22. Bxg7 Rxg7 23. Rh8+ Kb7 24. b3 Rh7 25. Rxh7 Qxh7 26. Kb2 Qh5 27. a4 Qg5 28. Qe1 a5 29. Qf1 Qg2 30. Qc1 Qg5 31. Qf1 Bg4 32. Qh1 Bd7 33. Qh2 Nf3 34. Qh8 Kc7 35. Nb1 Nd4 36. Qa8 Bc8 0-1

[Event "Catalunya-ch U18"]
[Site "Spain"]
[Date "1998.??.??"]
[Round "?"]
[White "Oussama, Omar"]
[Black "Hernando Rodrigo, Julio Antonio"]
[Result "1/2-1/2"]
[WhiteElo "2195"]
[BlackElo "2300"]
[PlyCount "111"]
[EventDate "1998.??.??"]
[EventType "swiss"]
[EventRounds "9"]
[EventCountry "ESP"]
[SourceTitle "EXT 2003"]
[Source "ChessBase"]
[SourceDate "2002.11.25"]
[SourceVersion "1"]
[SourceVersionDate "2002.11.25"]
[SourceQuality "1"]

1. e4 e6 2. d4 d5 3. exd5 exd5 4. Nf3 Nf6 5. Bd3 Bg4 6. 0-0 Be7 7. c3 Nbd7 8. Re1 0-0 9. Nbd2 c5 10. Nf1 cxd4 11. cxd4 Bb4 12. Bd2 Qb6 13. Qb3 a5 14. a3 Bxf3 15. axb4 Be4 16. Bxe4 dxe4 17. Ra3 a4 18. Rxa4 Qxd4 19. Ra5 Rac8 20. Bc3 Qb6 21. Rg5 h6 22. Rg3 Rfe8 23. Ne3 Nh5 24. Rg4 Qb5 25. Qd5 Qxd5 26. Nxd5 f5 27. Rg6 Rc6 28. Rxc6 bxc6 29. Ne3 f4 30. Nc4 Nhf6 31. Nd6 Re6 32. Nf5 Ne5 33. Bxe5 Rxe5 34. Nd4 Rd5 35. Nxc6 Rd2 36. b3 f3 37. gxf3 exf3 38. h3 Re2 39. Rc1 Ne4 40. Nd4 Rxf2 41. Rc2 Rxc2 42. Nxc2 Kf7 43. Nd4 f2+ 44. Kf1 Kf6 45. Kg2 Ke5 46. Ne2 g5 47. b5 Kd5 48. b4 h5 49. b6 Kc6 50. h4 gxh4 51. Nf4 Kxb6 52. Nh3 Kb5 53. Nxf2 Ng5 54. Nh3 Ne6 55. Ng1 Nf4+ 56. Kh2 1/2-1/2

[Event "Mollerussa op-A"]
[Site "Mollerusa"]
[Date "1997.??.??"]
[Round "1"]
[White "Ariste Castano, Santiago"]
[Black "Oussama, Omar"]
[Result "1-0"]
[WhiteElo "2080"]
[BlackElo "2285"]
[PlyCount "79"]
[EventDate "1997.??.??"]
[EventType "swiss"]
[EventRounds "9"]
[EventCountry "ESP"]
[SourceTitle "EXT 2003"]
[Source "ChessBase"]
[SourceDate "2002.11.25"]
[SourceVersion "1"]
[SourceVersionDate "2002.11.25"]
[SourceQuality "1"]

1. d4 Nf6 2. c4 c5 3. d5 b5 4. cxb5 a6 5. b6 Qxb6 6. Nc3 e6 7. dxe6 fxe6 8. e4 Bb7 9. e5 Ne4 10. Bd3 Nxc3 11. Qh5+ g6 12. Bxg6+ hxg6 13. Qxg6+ Kd8 14. Qf6+ Be7 15. Qxh8+ Kc7 16. bxc3 a5 17. Qh7 Bxg2 18. Qxe7 Qc6 19. Be3 Na6 20. Qd6+ Qxd6 21. exd6+ Kxd6 22. 0-0-0+ Kc6 23. Ne2 d5 24. Rhg1 Bf3 25. Rd2 e5 26. h4 Nb4 27. cxb4 axb4 28. Rg6+ Kb5 29. Rg5 Re8 30. h5 c4 31. h6 c3 32. Rc2 Kc4 33. h7 Rh8 34. Rg8 Rxh7 35. Rc8+ Kd3 36. Nxc3 Rh1+ 37. Kb2 bxc3+ 38. R2xc3+ Ke4 39. Rc1 Rh5 40. Bb6 1-0

[Event "Mollerussa op-A"]
[Site "Mollerusa"]
[Date "1997.??.??"]
[Round "6"]
[White "Gabarro Sole, Ramon"]
[Black "Oussama, Omar"]
[Result "0-1"]
[WhiteElo "2215"]
[BlackElo "2285"]
[PlyCount "56"]
[EventDate "1997.??.??"]
[EventType "swiss"]
[EventRounds "9"]
[EventCountry "ESP"]
[SourceTitle "EXT 2003"]
[Source "ChessBase"]
[SourceDate "2002.11.25"]
[SourceVersion "1"]
[SourceVersionDate "2002.11.25"]
[SourceQuality "1"]

1. g3 c5 2. Bg2 Nc6 3. d3 d5 4. Nd2 e6 5. Ngf3 h5 6. e4 Be7 7. h4 Nf6 8. 0-0 dxe4 9. Nxe4 Nxe4 10. dxe4 Qxd1 11. Rxd1 e5 12. Bg5 Bg4 13. Bxe7 Kxe7 14. Rd5 b6 15. Nxe5 Nxe5 16. Rxe5+ Be6 17. Rg5 g6 18. e5 Rad8 19. Be4 Rd4 20. Re1 Rhd8 21. f4 Bxa2 22. f5 gxf5 23. Bxf5 Bd5 24. Rxh5 Rd2 25. Rg5 Bb7 26. Bd3 c4 27. Bxc4 Rxc2 28. Be2 Rdd2 0-1

[Event "Mollerussa op-A"]
[Site "Mollerusa"]
[Date "1997.??.??"]
[Round "7"]
[White "Oussama, Omar"]
[Black "Gallego, Ruben"]
[Result "0-1"]
[WhiteElo "2285"]
[BlackElo "2315"]
[PlyCount "40"]
[EventDate "1997.??.??"]
[EventType "swiss"]
[EventRounds "9"]
[EventCountry "ESP"]
[SourceTitle "EXT 2003"]
[Source "ChessBase"]
[SourceDate "2002.11.25"]
[SourceVersion "1"]
[SourceVersionDate "2002.11.25"]
[SourceQuality "1"]

1. e4 c5 2. Nf3 e6 3. g3 Nc6 4. Bg2 Nf6 5. Nc3 d6 6. d4 cxd4 7. Nxd4 Bd7 8. Ndb5 Qb8 9. Bf4 Ne5 10. Bg5 a6 11. f4 Nc4 12. e5 dxe5 13. Bxf6 gxf6 14. Ne4 Bxb5 15. Nxf6+ Ke7 16. Qh5 Bg7 17. Nxh7 Qd6 18. Rd1 Qb4+ 19. c3 Qc5 20. Rd4 Rxh7 0-1

[Event "Juvenil op"]
[Site "Spain"]
[Date "1997.??.??"]
[Round "5"]
[White "Oussama, Omar"]
[Black "Lopez Martinez, Josep Manuel"]
[Result "0-1"]
[WhiteElo "2175"]
[BlackElo "2255"]
[PlyCount "110"]
[EventDate "1997.??.??"]
[EventType "swiss"]
[EventRounds "8"]
[EventCountry "ESP"]
[SourceTitle "EXT 1999"]
[Source "ChessBase"]
[SourceDate "1998.11.16"]
[SourceVersion "1"]
[SourceVersionDate "1998.11.16"]
[SourceQuality "1"]

1. e4 e5 2. Nf3 Nc6 3. d4 exd4 4. Nxd4 Nf6 5. Nxc6 bxc6 6. Bd3 d6 7. 0-0 Be7 8. Nc3 0-0 9. Ne2 Nd7 10. Nd4 Ne5 11. f4 c5 12. fxe5 cxd4 13. exd6 cxd6 14. Qe1 Be6 15. Qf2 Bf6 16. b3 Qb6 17. Bb2 Rad8 18. a4 a5 19. Rae1 Qc5 20. Bb5 Rc8 21. Re2 Rc7 22. h3 Rfc8 23. Rd1 d3 24. cxd3 Bxb3 25. d4 Qb4 26. Rde1 Bc4 27. Bxc4 Rxc4 28. e5 dxe5 29. dxe5 Bh4 30. g3 Be7 31. Kh2 Qxa4 32. Rf1 Rf8 33. Qf5 Qc6 34. Rf4 a4 35. Qd3 Rc8 36. Ref2 Rxf4 37. gxf4 Qc4 38. Qg3 g6 39. Rg2 Qe4 40. Qf2 Bc5 41. Qf1 Be3 42. f5 Bf4+ 43. Kg1 Qxf5 44. Re2 Qg5+ 45. Rg2 Be3+ 46. Kh1 Qf4 47. Qd3 Qf3 48. h4 Qh3+ 49. Rh2 Qg3 50. Qf1 Qg4 51. e6 Qe4+ 52. Rg2 Qxe6 53. Qf3 Rc4 54. Qg3 Bf4 55. Qf2 Qh3+ 0-1

[Event "Mollerussa op-A"]
[Site "Mollerusa"]
[Date "1997.??.??"]
[Round "9"]
[White "Oussama, Omar"]
[Black "Ribes Cabrera, Jordi"]
[Result "1-0"]
[WhiteElo "2285"]
[BlackElo "2015"]
[PlyCount "56"]
[EventDate "1997.??.??"]
[EventType "swiss"]
[EventRounds "9"]
[EventCountry "ESP"]
[SourceTitle "EXT 2003"]
[Source "ChessBase"]
[SourceDate "2002.11.25"]
[SourceVersion "1"]
[SourceVersionDate "2002.11.25"]
[SourceQuality "1"]

1. e4 c5 2. Nf3 d6 3. Nc3 Nf6 4. d4 cxd4 5. Nxd4 a6 6. f4 Nc6 7. e5 Bg4 8. Nxc6 bxc6 9. Qd3 dxe5 10. fxe5 Nd5 11. Qc4 Qd7 12. Na4 Qe6 13. Qd4 f6 14. Nc5 Qxe5+ 15. Qxe5 fxe5 16. Bxa6 Nb4 17. Bb7 Rd8 18. 0-0 e6 19. Be3 Rb8 20. a3 Rxb7 21. axb4 Rb8 22. Ra7 Be7 23. Nd7 Rf8 24. Nxe5 Bf5 25. c3 Bf6 26. Nxc6 Be4 27. Rxf6 Rxf6 28. Re7+ Kf8 1-0

[Event "Juvenil op"]
[Site "Spain"]
[Date "1997.??.??"]
[Round "3"]
[White "Oussama, Omar"]
[Black "Rue Bullons, Josep Maria"]
[Result "1-0"]
[WhiteElo "2265"]
[BlackElo "2105"]
[PlyCount "79"]
[EventDate "1997.??.??"]
[EventType "swiss"]
[EventRounds "8"]
[EventCountry "ESP"]
[SourceTitle "EXT 1999"]
[Source "ChessBase"]
[SourceDate "1998.11.16"]
[SourceVersion "1"]
[SourceVersionDate "1998.11.16"]
[SourceQuality "1"]

1. e4 c5 2. Nf3 d6 3. Nc3 g6 4. d4 cxd4 5. Qxd4 Nf6 6. e5 dxe5 7. Qxd8+ Kxd8 8. Nxe5 Be6 9. Be3 Nc6 10. 0-0-0+ Nd7 11. Rxd7+ Bxd7 12. Nxf7+ Ke8 13. Nxh8 Bg7 14. Nxg6 hxg6 15. Bd3 Ne5 16. Be4 Bc6 17. Bxc6+ bxc6 18. Re1 Nc4 19. Na4 Nxe3 20. fxe3 Rb8 21. b3 Rb5 22. c4 Rf5 23. Re2 Kd7 24. e4 Rf1+ 25. Kc2 Bd4 26. b4 Ra1 27. Nc3 e5 28. Kb2 Rg1 29. Kb3 Rc1 30. Rc2 Re1 31. Rd2 Re3 32. Rc2 Ke6 33. c5 g5 34. a4 a6 35. Kc4 g4 36. b5 axb5+ 37. axb5 Bxc3 38. Rxc3 Rxc3+ 39. Kxc3 cxb5 40. Kb4 1-0

[Event "Catalunya-chT"]
[Site "Catalunya"]
[Date "1996.??.??"]
[Round "?"]
[White "Ayza Ballester, Jordi"]
[Black "Oussama, Omar"]
[Result "1/2-1/2"]
[WhiteElo "2310"]
[BlackElo "2190"]
[PlyCount "95"]
[EventDate "1996.??.??"]
[EventType "team"]
[EventRounds "9"]
[EventCountry "ESP"]
[SourceTitle "EXT 1999"]
[Source "ChessBase"]
[SourceDate "1998.11.16"]
[SourceVersion "1"]
[SourceVersionDate "1998.11.16"]
[SourceQuality "1"]

1. e4 c5 2. Nf3 Nc6 3. d4 cxd4 4. Nxd4 Nf6 5. Nc3 e5 6. Ndb5 d6 7. Nd5 Nxd5 8. exd5 Nb8 9. c4 Be7 10. Be2 a6 11. Nc3 0-0 12. 0-0 f5 13. f4 Bf6 14. Kh1 Nd7 15. Be3 exf4 16. Bxf4 Be5 17. Qd2 b6 18. b4 Bb7 19. Rac1 Rc8 20. Na4 Kh8 21. Bxe5 Nxe5 22. Qd4 b5 23. cxb5 Rxc1 24. Rxc1 axb5 25. Nc3 Qa8 26. Bxb5 Qa3 27. Rf1 f4 28. Be2 h6 29. Bf3 Rc8 30. Ne2 Ba6 31. Qxf4 Qxa2 32. Be4 Rg8 33. b5 Qxe2 34. bxa6 Qxa6 35. Qf5 g6 36. Qf6+ Kh7 37. Rc1 Rg7 38. h3 Qb6 39. Rc8 Qb4 40. Qf8 Qe1+ 41. Kh2 Nf7 42. Qe8 Qd1 43. Bxg6+ Kxg6 44. Qe4+ Kf6 45. Qe6+ Kg5 46. h4+ Kh5 47. Qf5+ Ng5 48. hxg5 1/2-1/2

[Event "Balaguer op"]
[Site "Balaguer"]
[Date "1996.??.??"]
[Round "6"]
[White "Komljenovic, Davorin"]
[Black "Oussama, Omar"]
[Result "1/2-1/2"]
[WhiteElo "2455"]
[BlackElo "2170"]
[PlyCount "100"]
[EventDate "1996.??.??"]
[EventType "swiss"]
[EventRounds "8"]
[EventCountry "ESP"]
[SourceTitle "EXT 2004"]
[Source "ChessBase"]
[SourceDate "2003.11.25"]
[SourceVersion "1"]
[SourceVersionDate "2003.11.25"]
[SourceQuality "1"]

1. d4 Nf6 2. Nf3 g6 3. c4 c5 4. Nc3 Bg7 5. e4 cxd4 6. Nxd4 d6 7. Be2 Nc6 8. Be3 Nxd4 9. Bxd4 0-0 10. 0-0 Bd7 11. Qd2 Bc6 12. f3 a6 13. Rfd1 Re8 14. b4 b6 15. Nd5 Nd7 16. Bxg7 Kxg7 17. a3 Qb8 18. Kh1 Ra7 19. Rdb1 Bxd5 20. cxd5 f6 21. Rc1 b5 22. a4 bxa4 23. Rxa4 Rc8 24. Rca1 Rac7 25. Rxa6 Rc2 26. Qe1 R8c3 27. Bf1 Ne5 28. Ra7 Kf7 29. Qh4 h5 30. Qf4 g5 31. Qf5 Ng6 32. Qe6+ Kg7 33. Rxe7+ Nxe7 34. Qxe7+ Kg6 35. h4 Rc1 36. Rxc1 Rxc1 37. hxg5 Rxf1+ 38. Kh2 Qh8 39. Qxd6 Kxg5 40. Qg3+ Kh6 41. Qf4+ Kg7 42. e5 fxe5 43. Qxe5+ Kg8 44. Qe6+ Kh7 45. Qe4+ Kg7 46. Qe5+ Kh7 47. Qe4+ Kg7 48. Qe7+ Kg6 49. Qe4+ Kg7 50. Qe7+ Kg6 1/2-1/2

[Event "ESP-ch"]
[Site "Zamora"]
[Date "1996.??.??"]
[Round "2"]
[White "Narciso Dublan, Marc"]
[Black "Oussama, Omar"]
[Result "1-0"]
[WhiteElo "2440"]
[BlackElo "2190"]
[PlyCount "99"]
[EventDate "1996.??.??"]
[EventType "swiss"]
[EventRounds "9"]
[EventCountry "ESP"]
[SourceTitle "EXT 2000"]
[Source "ChessBase"]
[SourceDate "1999.11.16"]
[SourceVersion "1"]
[SourceVersionDate "1999.11.16"]
[SourceQuality "1"]

1. e4 c5 2. Nc3 Nc6 3. g3 e6 4. Bg2 Nf6 5. Nge2 Be7 6. d4 cxd4 7. Nxd4 0-0 8. 0-0 d6 9. Nxc6 bxc6 10. e5 dxe5 11. Bxc6 Ba6 12. Qxd8 Rfxd8 13. Bxa8 Bxf1 14. Kxf1 Rxa8 15. Nd1 Rc8 16. c3 Nd5 17. Bd2 e4 18. Ne3 Kf8 19. Rd1 Bc5 20. Nxd5 exd5 21. Bf4 Rd8 22. Ke2 Ke7 23. Bg5+ f6 24. Be3 Bxe3 25. Kxe3 Ke6 26. Rd4 Rb8 27. b3 f5 28. Ra4 Ke5 29. Rxa7 Rc8 30. Kd2 g5 31. Re7+ Kd6 32. Rxh7 f4 33. Rg7 Rh8 34. Rg6+ Kc5 35. b4+ Kc4 36. Rc6+ Kb5 37. Rc5+ Kb6 38. Rxd5 Rxh2 39. Rxg5 Rxf2+ 40. Ke1 fxg3 41. Rxg3 Rxa2 42. Re3 Kb5 43. Rxe4 Rc2 44. Re5+ Kc4 45. Rc5+ Kd3 46. b5 Rb2 47. c4 Ke3 48. Kd1 Kd3 49. Kc1 Kc3 50. Rc6 1-0